000
00279cam a22001091 4500
040
_c
Macmillan Publishing company
082
_a
510 MAC 1987 A030 Or.
100
1
_a
Thoburn, Tina.
245
0
0
_a
Macmillan Mathematics.
260
0
_a
New York, NY :
_b
Macmillan,
_c
c1987.
942
_c
EK
999
_c
11526
_d
11526